CPA examination a comprehensive review: (Record no. 2661)
[ view plain ]
| 000 -LEADER | |
|---|---|
| fixed length control field | 00487nam a2200145 4500 |
| 008 - FIXED-LENGTH DATA ELEMENTS--GENERAL INFORMATION | |
| fixed length control field | 160521b xxu||||| |||| 00| 0 eng d |
| 082 ## - DEWEY DECIMAL CLASSIFICATION NUMBER | |
| Edition number | 2002 |
| Classification number | DFil 657.076 |
| Item number | G93c |
| 100 ## - MAIN ENTRY--PERSONAL NAME | |
| 9 (RLIN) | 8759 |
| Personal name | Guerro, Pedro P. |
| 245 ## - TITLE STATEMENT | |
| Title | CPA examination a comprehensive review: |
| Remainder of title | practical accounting 2/ |
| Statement of responsibility, etc. | Pedro P. Guerrero. |
| 260 ## - PUBLICATION, DISTRIBUTION, ETC. (IMPRINT) | |
| Place of publication, distribution, etc. | Manila, Philippines: |
| Name of publisher, distributor, etc. | GIC Enterprises & Co., Inc., |
| Date of publication, distribution, etc. | c2002. |
| 300 ## - PHYSICAL DESCRIPTION | |
| Extent | xi, 341 pages |
| Dimensions | 23 cm. |
| 650 #0 - SUBJECT ADDED ENTRY--TOPICAL TERM | |
| 9 (RLIN) | 8760 |
| Topical term or geographic name as entry element | Accounting |
| 365 ## - TRADE PRICE | |
| Price amount | 250.00 |
| Currency code | Php |
| 942 ## - ADDED ENTRY ELEMENTS (KOHA) | |
| Source of classification or shelving scheme | Dewey Decimal Classification |
| Koha item type | Filipiniana |
| Withdrawn status | Lost status | Source of classification or shelving scheme | Damaged status | Not for loan | Collection code | Home library | Current library | Date acquired | Source of acquisition | Total Checkouts | Full call number | Barcode | Date last seen | Date last checked out | Copy number | Price effective from | Koha item type |
|---|---|---|---|---|---|---|---|---|---|---|---|---|---|---|---|---|---|
| Dewey Decimal Classification | Filipiniana | UM Digos College - LIC | UM Digos College - LIC | 08/14/2008 | Purchased | 2 | DFil 657.076 G93c 2002 | 19536 | 05/15/2025 | 12/14/2017 | 1 | 05/21/2016 | Filipiniana | ||||
| Dewey Decimal Classification | Filipiniana | UM Digos College - LIC | UM Digos College - LIC | 08/14/2008 | Purchased | 10 | DFil 657.076 G93c 2002 | 19537 | 05/15/2025 | 07/06/2018 | 2 | 05/21/2016 | Filipiniana |
